| 000 | 00809cam a22002293a 4500 | ||
|---|---|---|---|
| 001 | 31468 | ||
| 003 | PGUSA | ||
| 005 | 20140828083700.0 | ||
| 008 | 100302s2010||||xxu|||||s|||||000 | eng d | ||
| 040 |
_aPGUSA _beng |
||
| 042 | _adc | ||
| 050 | 4 | _aE456 | |
| 100 | 1 | _aShellenberger, John K. | |
| 245 | 1 | 4 |
_aThe Battle of Franklin, Tennessee, November 30, 1864 : _bA statement of the erroneous claims made by General Schofield, and an exposition of the blunder which opened the battle _h[electronic resource] / _cJohn K. Shellenberger |
| 260 |
_bProject Gutenberg, _c2010 |
||
| 506 | _aPublic domain in the USA. | ||
| 516 | _aElectronic text | ||
| 653 | _aFranklin, Battle of, Franklin, Tenn., 1864 | ||
| 830 | 0 |
_aProject Gutenberg _v31468 |
|
| 856 | 4 | 0 | _uhttp://www.gutenberg.org/ebooks/31468 |
| 942 | _cEB | ||
| 999 |
_c260723 _d260723 |
||